Industrial relations

Αποθηκεύτηκε σε:
Λεπτομέρειες βιβλιογραφικής εγγραφής
Άλλοι συγγραφείς: Dean, James W., Jr., 1956- (Επιμελητής έκδοσης), Schwindt, Richard (Επιμελητής έκδοσης)
Μορφή: Βιβλίο
Γλώσσα:English
Δημοσίευση: North Carolina : Eno River, 1985
Σειρά:Business administration reading lists and cource outlines ; 5
Θέματα:
Ετικέτες: Προσθήκη ετικέτας
Δεν υπάρχουν, Καταχωρήστε ετικέτα πρώτοι!

MARC

LEADER 00000cam a2200000 i 4500
001 1/1335
008 950710s1985 eng d
020 |a 0-88024-105-5  |q (τ. 5) 
035 |l 10014402 
040 |a GR-MY-UA  |b gre  |e aacr 
041 0 |a eng 
082 0 |a 331 
245 1 0 |a Industrial relations /  |c Compiled by James W. Dean and Richard Schwindt 
260 |a North Carolina :   |b Eno River,   |c 1985 
300 |a 167 p. 
490 1 |a Business administration reading lists and cource outlines  |v ; 5 
650 0 0 |a Industrial relations. 
650 0 0 |a Business education  |x Curricula. 
700 1 |a Dean, James W.,   |c Jr.,   |d 1956-  |4 edt 
700 1 |a Schwindt, Richard.  |4 edt 
830
909 |a Λ  |b 007410 
922 |a 1ΕΛΗ  |b 198702  |c ΠΠ/825/10  |d GLORY 
970 |z 2000/06/ΟΙΚΟΝΟΜΟΠΟΥΛΟΥ ΧΡΙΣΤΙΝΑ